ਆਹੀਆਪੂਰ ਵਾਲੀ ਪੋਥੀ (Record no. 1320341)

MARC details
000 -LEADER
fixed length control field 00937nam a22002297a 4500
005 - DATE AND TIME OF LATEST TRANSACTION
control field 20250507145908.0
008 - FIXED-LENGTH DATA ELEMENTS--GENERAL INFORMATION
fixed length control field 250507b |||||||| |||| 00| 0 eng d
020 ## - INTERNATIONAL STANDARD BOOK NUMBER
International Standard Book Number 978-81-7770-141-8, 978-81-7770-141-8 (hbk)
037 ## - SOURCE OF ACQUISITION
Terms of availability REF
040 ## - CATALOGING SOURCE
Original cataloging agency AL
Transcribing agency AL
041 ## - LANGUAGE CODE
Source of code Pun
Language code of text/sound track or separate title Pun
084 ## - COLON CLASSIFICATION NUMBER
Classification number Q8441:4 153Q2.2,1-,2
Assigning agency REF
245 ## - TITLE STATEMENT
Title ਆਹੀਆਪੂਰ ਵਾਲੀ ਪੋਥੀ
260 ## - PUBLICATION, DISTRIBUTION, ETC.
Place of publication, distribution, etc. ਅੰਮ੍ਰਿਤਸਰ, ਭਾਰਤ:
Name of publisher, distributor, etc. ਗੁਰੂ ਨਾਨਕ ਦੇਵ ਯੂਨੀਵਰਸਿਟੀ,
Date of publication, distribution, etc. 2012.
300 ## - PHYSICAL DESCRIPTION
Extent 1203 ਪ.
365 ## - TRADE PRICE
Price amount 1200.00
Currency code INR
650 ## - SUBJECT ADDED ENTRY--TOPICAL TERM
Topical term or geographic name entry element ਧਰਮ
650 ## - SUBJECT ADDED ENTRY--TOPICAL TERM
Topical term or geographic name entry element ਸਿੰਘ ਧਰਮ
9 (RLIN) 755420
700 ## - ADDED ENTRY--PERSONAL NAME
Personal name ਸਿੰਘ, ਪ੍ਰੀਤਮ
Relator term ਸਮਪਾਦਕ
942 ## - ADDED ENTRY ELEMENTS (KOHA)
Source of classification or shelving scheme Colon Classification (CC)
Koha item type Reference
Classification part Q8441:4 153Q2.2,1-,2
Suppress in OPAC No
Holdings
Withdrawn status Lost status Source of classification or shelving scheme Damaged status Not for loan Home library Current library Date acquired Source of acquisition Cost, normal purchase price Serial Enumeration / chronology Inventory number Total Checkouts Full call number Barcode Date last seen Price effective from Koha item type
    Colon Classification (CC)     Arts Library Arts Library 2025-05-07 H.K. Prakashan 1200.00 Vol. 2 Part 1 1686 & 23/01/2025   Q8441:4 153Q2.2,1 AL1804397 2025-05-07 2025-05-07 Reference
    Colon Classification (CC)     Arts Library Arts Library 2025-05-07 H.K. Prakashan 1200.00 Vol. 2 Part 2 1686 & 23/01/2025   Q8441:4 153Q2.2,2 AL1804398 2025-05-07 2025-05-07 Reference
Copyright @ Delhi University Library System